Monster Jam Fastest Qualifier In Each World Finals - Statistics

General Stats
  • This quiz has been taken 41 times
  • The average score is 32 of 42
Answer Stats
Hint Driver/Truck % Correct
WF 14 Truck: Max - D
90%
WF 21 Truck: Max - D
90%
WF 5 Truck: Maximum Destruction
90%
WF 9 Truck: Maximum Destruction
90%
WF 7 Driver: Dennis Anderson
86%
WF 12 Driver: Dennis Anderson
86%
WF 15 Driver: Dennis Anderson
86%
WF 1 Truck: Goldberg
86%
WF 7 Truck: Grave Digger
86%
WF 12 Truck: Grave Digger
86%
WF 15 Truck: Grave Digger
86%
WF 20 Truck: Grave Digger
86%
WF 1 Driver: Tom Meents
86%
WF 3 Driver: Tom Meents
86%
WF 5 Driver: Tom Meents
86%
WF 9 Driver: Tom Meents
86%
WF 14 Driver: Tom Meents
86%
WF 21 Driver: Tom Meents
86%
WF 11 Truck: El Toro Loco
81%
WF 17 Truck: Monster Energy
81%
WF 18 Truck: Monster Energy
81%
WF 19 Truck: Mutant Super Soda
81%
WF 13 Truck: Metal Mulisha
76%
WF 16 Truck: Metal Mulisha
76%
WF 3 Truck: Team Meents
76%
WF 4 Truck: Bounty Hunter
71%
WF 6 Truck: Bounty Hunter
71%
WF 8 Truck: Bounty Hunter
71%
WF 18 Driver: Coty Saucier
71%
WF 2 Truck: Wolverine
71%
WF 17 Driver: Damon Bradshaw
67%
WF 4 Driver: Jimmy Creten
67%
WF 6 Driver: Jimmy Creten
67%
WF 8 Driver: Jimmy Creten
67%
WF 13 Driver: Todd LeDuc
67%
WF 16 Driver: Todd LeDuc
67%
WF 19 Driver: Todd LeDuc
67%
WF 20 Driver: Tyler Menninga
67%
WF 2 Driver: Brian Barthel
62%
WF 11 Driver: Marc McDonald
62%
WF 10 Truck: Donkey Kong
57%
WF 10 Driver: Frank Krmel
52%
No matching quizzes found
Score Distribution
Percent of People with Each Score
Percentile by Number Answered
Your Score History
You have not taken this quiz